উনিশ শতকে বাংলায় নারীপুরুষ সম্পক / (Record no. 39296)
[ view plain ]
| 000 -LEADER | |
|---|---|
| fixed length control field | 00846nam a2200229 a 4500 |
| 001 - CONTROL NUMBER | |
| control field | 39296 |
| 003 - CONTROL NUMBER IDENTIFIER | |
| rucl marc code | BD-RjUL |
| 005 - DATE AND TIME OF LATEST TRANSACTION | |
| control field | 20211209052948.0 |
| 008 - FIXED-LENGTH DATA ELEMENTS--GENERAL INFORMATION | |
| fixed length control field | 160407s2013 bg ||||| |||| 00| 0 ben d |
| 020 ## - INTERNATIONAL STANDARD BOOK NUMBER | |
| International Standard Book Number | 984075145x |
| Terms of availability | : TK. 200.00 |
| 035 ## - SYSTEM CONTROL NUMBER | |
| System control number | (BD-RjUL)39409 |
| 040 ## - CATALOGING SOURCE | |
| Original cataloging agency | BD-RjUL |
| Language of cataloging | ben |
| Transcribing agency | BD-RjUL |
| 041 ## - LANGUAGE CODE | |
| Language code of text/sound track or separate title | ben |
| 082 ## - DEWEY DECIMAL CLASSIFICATION NUMBER | |
| Edition number | 23 |
| Classification number | 509.225492 |
| Author mark and year | RAU 2013 |
| 100 ## - MAIN ENTRY--PERSONAL NAME | |
| Personal name | রহমান, বিলকিস |
| 9 (RLIN) | 121145 |
| 245 ## - TITLE STATEMENT | |
| Title | উনিশ শতকে বাংলায় নারীপুরুষ সম্পক / |
| Statement of responsibility, etc. | বিলকিস রহমান |
| 260 ## - PUBLICATION, DISTRIBUTION, ETC. (IMPRINT) | |
| Place of publication, distribution, etc. | ঢাকা : |
| Name of publisher, distributor, etc. | বাংলা একাডেমী , |
| Date of publication, distribution, etc. | ২০১৩ |
| 300 ## - PHYSICAL DESCRIPTION | |
| Pagination | [দশ], ২৬৮ পৃ. : |
| Size | ২১ সেমি. |
| 650 ## - SUBJECT ADDED ENTRY--TOPICAL TERM | |
| Topical term or geographic name as entry element | Men and Women Relation |
| 9 (RLIN) | 121146 |
| Topical term or geographic name as entry element | নারী পুরুষ সম্পক |
| 9 (RLIN) | 121147 |
| 942 ## - ADDED ENTRY ELEMENTS (KOHA) | |
| Source of classification or shelving scheme | Dewey Decimal Classification |
| Koha item type | Books |
| Lost status | Source of classification or shelving scheme | Damaged status | Not for loan | Collection code | Permanent Location | Current Location | Shelving location | Date acquired | Source of acquisition | Cost, normal purchase price | Total Checkouts | Full call number | Date last seen | Copy number | Koha item type | Date checked out |
|---|---|---|---|---|---|---|---|---|---|---|---|---|---|---|---|---|
| Dewey Decimal Classification | Not For Loan | Non-fiction | Central Library, University of Rajshahi | Central Library, University of Rajshahi | Reading Room | 13/01/2016 | Bidhasagar,Rajshahi | 200.00 | B 509.225492 RAU 2013 | 07/04/2016 | C-1 | Books | ||||
| Dewey Decimal Classification | Non-fiction | Central Library, University of Rajshahi | Central Library, University of Rajshahi | 13/01/2016 | Bidhasagar,Rajshahi | 200.00 | 1 | B 509.225492 RAU 2013 | 16/04/2019 | C-2 | Books | 13/03/2019 | ||||
| Dewey Decimal Classification | Non-fiction | Central Library, University of Rajshahi | Central Library, University of Rajshahi | 13/01/2016 | Bidhasagar,Rajshahi | 200.00 | B 509.225492 RAU 2013 | 07/04/2016 | c-3 | Books |